000 00842nam a2200241Ia 4500
003 OSt
005 20220923213253.0
006 a|||||r|||| 00| 0
007 ta
008 220922b |||||||| |||| 00| 0 hin d
024 _a160,349
037 _cTextual
040 _aARTS
_cARTS
_bhin
041 _2hin
_ahin
082 _aO152,1:gN5, K2
100 _aरांगेय राघव
245 0 _aआधुनिक हिन्दी कविता मंे विषय और शैली
246 _aĀdhunik hindī kavitā hine viṣhaya aur shailī
260 _aदिल्ली
_b राजपाल एण्ड सन्ज
_c1962
650 _aहिन्दी साहित्य
_9156264
942 _hO152,1:gN5, K2
_cTEXL
_2CC
999 _c315096
_d315096